Quizzes
Events
Quiz Creation
Community
Videos
Private Events
Remove Ads
Sign In
Join for FREE
Feedback
Dark Mode
Quiz Categories
Sports
Geography
Music
Movies
Television
Just For Fun
Miscellaneous
History
Literature
Language
Science
Gaming
Entertainment
Religion
Holiday
For Kids
Quiz Lab
Recent
Popular Today
Quiz Kudos Today
Editor Picks
Curator Picks
Quizzes by...
Day
Popularity
Type
Ratings
Length
Year
Community
Subscriptions
Recent Discussions
Orange Saloon
Badges
Playlists
Quests
Create
Leaderboards
Showdown
Live 5
Trivia Bingo
Activity
Puzzle Library
Sporcle Events
Private Events
Virtual Trivia
Globe League
Become a Host
Pub Owners
SporcleCon
Opinionation
Our Games
Videos
Blog
Mobile Apps
Partnerships
Remove Ads and Go Orange
Feedback
History
US Presidents
World Leaders
Politics
Nation
Discovery
War
Decade
Year
Century
Biography
Art
History
US Presidents
World Leaders
Politics
Nation
Discovery
War
Decade
Year
Century
Biography
Art
Random Quiz
Search Sporcle
×
Quiz Lab
Quiz Lab
History
US Presidents
Type in answers that appear in a list
Type in answers that appear in a list
Classic
Best Score? Go Orange.
George Washington or Barack Obama? Stats
Can you name the president each clue describes by entering 'Washington,' 'Obama,' 'both,' or 'neither'?
By
giveupyet
3m
20 Questions
712 Plays
712 Plays
712 Plays
Comments
Comments
Give Quiz Kudos
Give Quiz Kudos
-
- Ratings
hide this ad
More Info
Forced Order
Answers have to be entered in order
Answers have to be entered in order
Wrong Answers
Some wrong answers will appear in red
Some wrong answers will appear in red
Replay
Link that replays current quiz
Next Quiz
Link to next quiz in quiz playlist
You Got
0%
They Got
Avg Score
58%
Avg Friend Score
Upgrade to see
Score Distribution
Jump to the score distribution portion of the page
Score
0/20
Timer
03:00
0
Plays Today
Hint
President
% Correct
Past political position: Senator
???
88.9%
Birthplace: Honolulu, HI
???
88.1%
Ran against a challenger named John
???
84.7%
Took office in April
???
77.5%
Lived at the White House
???
77.2%
Slaveowner
???
76.5%
Birth month: February
???
71.1%
Vice president's name is John
???
66.7%
Did/
will seek reelection for a second term
???
64%
War experience: Civil War general
???
63.9%
Hint
President
% Correct
Religion: Episcopalian
???
61.7%
Wife's middle name is LaVaughn
???
56.7%
Is the first U.S. president of his racial background
???
52.8%
His mother's name is Stanley
???
39.3%
His wife gave birth to two children
???
36%
Has reportedly spoken out against a well-
known Tea Party
???
35.8%
Nickname: Bear
???
33.7%
Alma Mater: Yale University
???
33%
Birth year: '51
???
26.8%
Shares his first name with his father
???
26.5%
Quiz Playlist
Details
Report
Send in Message
Add To Playlist
More Info:
Think carefully, because you only get one answer attempt per question!
Classic:
Type in answers that appear in a list
Forced Order:
Answers have to be entered in order
Wrong Answers:
Some wrong answers will appear in red
Last Updated: Jun 25, 2018
Quiz Scoreboard
CHALLENGE
Sign Up to Join the Scoreboard
Show All
Scores
Hide
Comments
May contain spoilers
Recently Published
NBA Finals Game Top Scorers (2010s)
by flibbidy
Sports
5m
Guess the 'R' Things in 3 Words
by MSUKent
Miscellaneous
3m
Actor to Badly Drawn Movie III
by MoMosMoProblems
Movies
5m
More to Explore
Quiz From the Vault
Featured Blog Post
Where Does Lost Luggage Go?
hide this ad
You Might Also Like...
Tags
US Presidents Quiz
Barack Obama
George Washington
Today's Top Quizzes in History
Browse History
hide this ad
Today's Top Quizzes in US Presidents
Browse US Presidents
Top Contributed Quizzes in History
1
Nickname Match: US Presidents
2
I Am Born On March 18th
3
Nickname Match: World Leaders II
4
Nickname Match: US Presidents II
5
Famous People on Time Magazine Covers III (Slideshow)
6
10 to 1: Generals by War
7
27 Amendments
8
Order the British Succession
9
New Deal Alphabet Soup
10
Constitutional Quiz
Explore More
Trending Topics
NBA
Kpop
Crossword
Disney
Harry Potter
Marvel
Anime
The Office
Puzzle
Pokémon
Country
NFL
Soccer
WWE
Song
hide this ad
More By:
giveupyet
Quiz
Plays
Rating
Category
Featured
Created
Disney Films in 8 Words
1,595,103
4.46
Movies
Oct 5, 2010
Disney-pedia: The Disney Princesses
417,766
4.20
Movies
Apr 12, 2013
Disney-pedia
289,160
4.49
Movies
Jan 16, 2013
The Answer Is a Film Title
287,824
4.55
Movies
Feb 18, 2014
Halfsies: Taylor Swift Songs
217,234
4.45
Music
Apr 27, 2014
Go to Creator's Profile
Score Distribution
Quiz Creator Spotlight
giveupyet
Follow
Send a Message
Quizzes Created
-
Created Quiz Play Count
-
More By This Creator
Popular Quizzes Today
1
Find the US States - No Outlines Minefield
2
Find the US States
3
The Countries of the World
4
10 Largest US States in Order
5
Find the Countries of Europe - No Outlines Minefield
6
US States
7
Guess the 'R' Things in 3 Words
8
NBA Finals Game Top Scorers (2010s)
More History Quizzes
Famous Person by Fake Schedule
Published
Trending Quizzes
First Name TV: Leading Men
First Name TV: Leading Women Drama
Match the Book to the Film II
Pick A Pair: Religious TV
Match the Book to the Film VI
Recently Updated
Women's Final Four Teams by Year
bhenderson79
Presidents Quartet II
eogle
Anything But Clue(do)
eogle
Anything But Oceanian Capitals
eogle
Anything But 7
eogle
Anything But Thing
eogle
Word Ladder: February 29
pecheneg
Song Title Questions
pecheneg
Women's NCAA Tournament #1 Seeds
pecheneg
Celebrity Mug Shots
pecheneg
Trending Topics
Crossword
Disney
NBA
Marvel
Harry Potter
Kpop
Anime
NFL
Soccer
WWE
The Office
Puzzle
Country
Song
Pokémon
Your Account Isn't Verified!
In order to create a playlist on Sporcle, you need to verify the email address you used during registration. Go to your
Sporcle Settings
to finish the process.
Report this User
Report this user for behavior that violates our
Community Guidelines
.
Details:
Send Report
Go to the Sporcle.com Mobile Site →
Comments